000
00408nam a2200145Ia 4500
008
100122s9999 xx 000 0 und d
082
_b
56343
_a
920.554
100
_a
खाडिलकर नीलकंठ
245
_a
टॉवर्स
260
_b
परचुरे प्रक ाशन
_c
1999
300
_a
275
630
_a
टॉवर्स
730
_a
टॉवर्स
942
_c
BOOK
999
_c
432802
_d
432799